ՀՀ Գիտությունների ազգային ակադեմիայի հիմնարար գիտական գրադարան  =   Fundamental Scientific Library of NAS RA

Степан Разин : (Record no. 166785)

MARC details
000 -LEADER
fixed length control field 00760nam a2200217 u 4500
001 - CONTROL NUMBER
control field 000458553
003 - CONTROL NUMBER IDENTIFIER
control field AM-YeHGA
005 - DATE AND TIME OF LATEST TRANSACTION
control field 20250617133526.0
008 - FIXED-LENGTH DATA ELEMENTS--GENERAL INFORMATION
fixed length control field 051018s1980 ||| r 000 0 rus d
040 ## - CATALOGING SOURCE
Original cataloging agency AM-YeHGA
041 0# - LANGUAGE CODE
Language code of text/sound track or separate title rus
090 ## - LOCALLY ASSIGNED LC-TYPE CALL NUMBER (OCLC); LOCAL CALL NUMBER (RLIN)
-- 168212
100 1# - MAIN ENTRY--PERSONAL NAME
Personal name Каменский, Василий Васильевич.
245 10 - TITLE STATEMENT
Title Степан Разин :
Remainder of title Поэма /
Statement of responsibility, etc. Василий Каменский; Худож. С. Алимов.
260 ## - PUBLICATION, DISTRIBUTION, ETC.
Place of publication, distribution, etc. Москва :
Name of publisher, distributor, etc. Современник,
Date of publication, distribution, etc. 1980.
300 ## - PHYSICAL DESCRIPTION
Extent 54 с. :
Other physical details цв. ил.
440 #0 - SERIES STATEMENT/ADDED ENTRY--TITLE
Title Российская поэма
600 14 - SUBJECT ADDED ENTRY--PERSONAL NAME
Personal name Разин, Степан Тимофеевич
650 14 - SUBJECT ADDED ENTRY--TOPICAL TERM
Topical term or geographic name entry element Русская литература
700 1# - ADDED ENTRY--PERSONAL NAME
Personal name Алимов, С.
Relator term худож.
Relationship art
Holdings
Withdrawn status Lost status Damaged status Not for loan Collection Home library Current library Date acquired Total checkouts Full call number Barcode Date last seen Price effective from Koha item type Public note
        General Fundamental Scientific Library Fundamental Scientific Library 28/12/2016   882 110047688 28/12/2016 28/12/2016 Գրքեր / Books 30 Days Loan


ՀՀ ԳԱԱ հիմնարար գիտական գրադարան
ՀՀ,Երևան 0019
Մարշալ Բաղրամյան 24/6
հեռախոս:(374-10) 52-47-50
Հետադարձ կապ

All site content, except where otherwise noted, is licensed under a
Creative Commons License